000 00860nas a2200301 4500
001 BR0804438
003 BR-BrBNA
005 20231205111818.0
007 ta
008 230509b bl.|||p| |||| 00| 00por d
040 _aBR-BrBNA
_bpor
_cBiblioteca Nacional de Agricultura
041 _a(Pt)
072 _aL74
100 1 _aPulz, R.S.
100 1 _aPezzi, A.F.
100 1 _aSilva, C.A.
100 1 _aPetrucci, B. do P.L.
100 1 _aPicawy, L.
100 1 _aSilveira, R.F.S.
245 1 _aHemorragia pulmonar induzida pelo exercício em cavalos de pólo
650 _aEQUINO
650 _aHEMORRAGIA
650 _aPULMÃO
650 _aDISTÚRBIO FISIOLÓGICO
773 0 _tVeterinária em Foco (Brazil)
_xISSN 1679-5237
_g(May-Dec 2005), v. 3(1) p. 43-50
_wBR0804438
909 _a202311
_bLúcia
_c55
_dLúcia Elande
942 _2AGRIS
_n0
_cANA
999 _c194590
_d194590